| 000 | 00975cam a2200265 4500 | ||
|---|---|---|---|
| 001 | ABS64842 | ||
| 008 | 011127n2001 000 0 eng u | ||
| 035 | _a(Sirsi) u115764 | ||
| 100 | _aD'Cruz, E. | ||
| 245 | _aTax depreciation and property investment | ||
| 260 | _c2001 | ||
| 490 |
_aREIV _v65(5) October 2001, 18-19(2) |
||
| 520 | _aLooks at the Income Tax Assessment Act 1936 which is becoming increasingly complicated. Argues that the quantity surveyor is traditionally the expert in areas of building costs. Includes a table highlighting the benefits of obtaining a Quantity Surveyor's Tax Depreciation Schedule. Australian article. | ||
| 590 | _aABS | ||
| 650 | _aTAX DEPRECIATION | ||
| 650 | _aPLANT | ||
| 650 | _aAUSTRALIA | ||
| 650 | _aCAPITAL ALLOWANCES | ||
| 650 | _aQUANTITY SURVEYORS | ||
| 650 | _aPROPERTY INVESTMENT | ||
| 650 | _aTAX ASSESSMENT ACT 1936 | ||
| 650 | _aBUILT ENVIRONMENT-BUILDING COSTS | ||
| 690 | _aTAXATION | ||
| 942 | _n0 | ||
| 999 |
_c68951 _d68951 |
||